000 00678nam a2200169Ia 4500
008 220216s9999 xx 000 0 und d
100 _aSathik M.B.M.
245 0 _aUp-regulation of tapping panel dryness specific transcripts u;nder drought stress in Hevea brasiliensis
260 _bNational Conference on Frontiers in Plant Physiology Towards Sustainable Agriculture, 5-7 November 2009, Indian Society for Plant Physiology and Assam Agricultural University, Jorhat, Assam, pp. 246
_c2009
700 _aJacob J
700 _aJoseph
_BSomy Elizabeth
700 _aKuruvilla Linu
700 _aLuke Lisha P.
700 _aNatesan Geetha
700 _aThomas M
942 _cBS
999 _c52315
_d52315